000 00296nam a22001337a 4500
008 180928b xxu||||| |||| 00| 0 eng d
020 _a9780256241662
041 _aeng
080 _a004
100 _a51
101 _aSHK
245 _aTcp IP Protocol Suite
_cForonzon.B A
942 _2udc
_cBK
999 _c48668
_d48668